Lord of the Rings Quote Quiz Stats

Quiz Updated Mar 20, 2015

Also try: LOTR Prologue
Challenge
Share
Tweet
Score 0/66 Timer 08:00
1 Play Today
% Correct
air
95.6%
world
91.2%
Elves
87.1%
power
87%
power
87%
Men
86.8%
rule
86.2%
Doom
85.3%
Doom
85.3%
Sauron
84.3%
Sauron
84.3%
Three
84%
Mordor
83%
Seven
82.2%
Dwarf
81.5%
hope
77.3%
mind
77.3%
forging
75.7%
Hobbit
75.7%
Bilbo
74.3%
thousand
73.2%
lost
73.2%
lost
73.2%
earth
72.5%
hundred
72.3%
long
72.3%
Shire
71.5%
water
70.7%
will
69.9%
remember
69.3%
evil
66.1%
Isildur
65.9%
Isildur
65.9%
% Correct
Isildur
65.9%
myth
65.8%
resisted
64.4%
Misty
63.9%
secret
63.8%
creature
63.7%
Victory
60.8%
race
59.4%
once
58.8%
deceived
58.6%
miners
58.2%
control
55.1%
History
53.1%
Darkness
51.4%
hearts
49.6%
knowledge
49.3%
freedom
49.3%
wisest
48.1%
hobbits
47.5%
slopes
46.6%
corrupted
44.1%
unlikely
43.9%
dominate
43%
abandoned
39.8%
shadow
38.9%
consumed
37.7%
strength
35.2%
undone
31.1%
intend
29.9%
nameless
27.4%
cruelty
25.9%
ensnared
20.9%
fortunes
17%

You're not logged in!

Compare scores with friends on all Sporcle quizzes.
Sign Up with Email
OR
Log In

You Might Also Like...

Show Comments

Extras

Top Quizzes Today


Score Distribution

Your Account Isn't Verified!

In order to create a playlist on Sporcle, you need to verify the email address you used during registration. Go to your Sporcle Settings to finish the process.